Quiz o Legii Warszawa - Statystyki

Ogólne statystyki
  • Ten quiz został rozwiązany 149 razy
  • Średni wynik to 8 z 16
Statystyki odpowiedzi
Hint Odpowiedź % Poprawnych
Podaj rok założenia klubu. 1916
91%
Ile razy legia wygrała Puchar Polski?... 20
75%
Jak nazywa się właściciel legii? Dariusz Mioduski
74%
Kapitan klubu... Josue
73%
Kto ma swój pomnik przed stadionem legii? Kazimierz Deyna
73%
Adres stadionu .... Łazienkowska 3
73%
Ile razy legia wygrała Mistrzostwo Polski? 15
72%
W pamiętnym meczu, kiedy Legia zremisowała 3:3 z Realem Madryt gole dla legii strzelali Odjija-Ofoe, Radović, Moulin
55%
Rekord bramek w lidze mistrzów padł w meczu legia vs... Borussia Dortmund
51%
Jaki był wtedy wynik 4:8
50%
Sponsor techniczny... Adidas
50%
Jak nazywa się trener legii? Kosta Runjaić
50%
Nazwa stadionu... Stadion Wojska Polskiego
38%
Najdroższy sprzedany zawodnik (sezon 23/24) Ernest Muci (10 mln €)
0%
Najlepszy strzelec w historii klubu... Lucjan Brychczy (226 bramek)
0%
Najdroższy kupiony zawodnik (sezon 22/23) Maik Nawrocki (1,5 mln €)
0%
Nie znaleziono quizów pasujących do podanych kryteriów
Rozkład punktacji
Procent ludzi z każdym wynikiem
Percentyl według liczby udzielonych odpowiedzi
Twoja historia wyników
Nie rozwiązałeś tego quizu